| 000 | 01102cam a2200277Mi 4500 | ||
|---|---|---|---|
| 005 | 20150424132155.0 | ||
| 008 | 150424s2011 sp fr 000 0 spa d | ||
| 020 | _a9788447038084 | ||
| 020 | _a8447038084 | ||
| 035 | _a(OCoLC)768810556 | ||
| 040 |
_aCO-BoUCM _bspa _cJose A. Gerena _dJose A. Gerena |
||
| 041 | 0 | _aspa | |
| 245 | 0 | 0 |
_aEstudios de derecho mercantil en homenaje al profesor José María Muñoz Planas _ccoordinadores Alberto Bercovitz Rodríguez-Cano, José Antonio García-Cruces González |
| 260 |
_aMadrid (España) _bCivitas _c2011 |
||
| 300 | _a932 páginas | ||
| 650 | 7 |
_912793 _aDerecho mercantil |
|
| 650 | 7 |
_912717 _aDerecho comercial |
|
| 650 | 7 |
_916898 _aHipotecas _xAspectos jurídicos |
|
| 650 | 7 |
_925687 _aTransporte _xAspectos jurídicos |
|
| 650 | 7 |
_920655 _aObligaciones (Derecho) |
|
| 690 |
_942767 _aDerecho comercial |
||
| 700 | 1 |
_aBercovitz Rodríguez-Cano, Alberto _ecoordinador _968422 |
|
| 700 | 1 |
_aGarcía-Cruces González, José Antonio _ecoordinador _968423 |
|
| 942 |
_2DEWEY _a8 _cLIBRO _e1 _h346.07 _mE826c |
||
| 999 |
_c298895 _d298895 |
||